000
00339nam a22001577a 4500
003
SGT
082
_a
510,GOY
100
_a
GOYAL,J.K
245
_a
ADVANCED COURSE IN MODERN ALGEBRA
250
_a
16TH
260
_a
MEERUT
_b
PRAGATI PRAKASHAN
_c
2016
300
_a
732
650
_a
ALGEBRA
653
_a
ALGEBRA
942
_2
ddc
_c
FPS
_0
3
999
_c
10008
_d
10008